[Event "GER-ch U25-A"]
[Site "Willingen"]
[Date "2017.06.04"]
[Round "1"]
[White "Jenner, Meikel"]
[Black "Verhufen, Hendrik"]
[Result "0-1"]
[WhiteElo "1464"]
[BlackElo "1648"]
[PlyCount "88"]
[EventDate "2017.06.04"]
[EventType "swiss"]
[EventRounds "9"]
[EventCountry "GER"]
[SourceTitle "CBM 178 Extra"]
[Source "ChessBase"]
[SourceDate "2017.06.22"]
[SourceVersion "1"]
[SourceVersionDate "2017.06.22"]
[SourceQuality "1"]

1. e4 e5 2. Nc3 Nf6 3. f4 Nc6 4. Nf3 d6 5. Bc4 Bg4 6. h3 Bxf3 7. Qxf3 Nd4 8. Qd1 c6 9. d3 Be7 10. Ne2 Nxe2 11. Qxe2 0-0 12. 0-0 d5 13. exd5 cxd5 14. Bb3 e4 15. Re1 Qb6+ 16. Kh1 Bc5 17. c3 Bf2 18. Rf1 e3 19. d4 Rfe8 20. Bc2 Ne4 21. Bxe4 Rxe4 22. b3 Qa6 23. c4 Rc8 24. Bb2 dxc4 25. Rxf2 exf2 26. Qxe4 c3 27. Bxc3 f1Q+ 28. Rxf1 Qxf1+ 29. Kh2 h6 30. Bb4 Qf2 31. a3 Rc2 32. Qe8+ Kh7 33. Qe4+ g6 34. Bd6 Rc6 35. Qe7 Qxd4 36. Be5 Qd5 37. Qf8 f6 38. Qe7+ Kg8 39. Qe8+ Kg7 40. Qe7+ Qf7 41. Qxf7+ Kxf7 42. Bd4 a6 43. h4 Ke6 44. b4 Rc4 0-1

[Event "GER-ch U25-A"]
[Site "Willingen"]
[Date "2017.06.04"]
[Round "2"]
[White "Verhufen, Hendrik"]
[Black "Bold, Andre"]
[Result "1/2-1/2"]
[WhiteElo "1648"]
[BlackElo "1842"]
[PlyCount "47"]
[EventDate "2017.06.04"]
[EventType "swiss"]
[EventRounds "9"]
[EventCountry "GER"]
[SourceTitle "CBM 178 Extra"]
[Source "ChessBase"]
[SourceDate "2017.06.22"]
[SourceVersion "1"]
[SourceVersionDate "2017.06.22"]
[SourceQuality "1"]

1. e4 c5 2. d4 cxd4 3. c3 d3 4. Bxd3 Nc6 5. Nf3 d6 6. 0-0 Bg4 7. Nbd2 e6 8. Re1 Qc7 9. Qa4 Bxf3 10. Nxf3 Nf6 11. e5 Nd7 12. Bf4 d5 13. Nd4 Nc5 14. Nb5 Qd7 15. Qc2 Nxd3 16. Qxd3 a6 17. Nd6+ Bxd6 18. exd6 0-0 19. c4 dxc4 20. Qxc4 e5 21. Bxe5 Nxe5 22. Rxe5 Qxd6 23. Rae1 Rad8 24. R5e2 1/2-1/2